Vapor-Liquid Equilibrium Data Collection Aromatic Hydrocarbons. Supplement 1 C6-C7. Vol. I, Part 7a (in conjunction with Part 7b)

Gespeichert in:
Bibliographische Detailangaben
1. Verfasser: Gmehling, Jürgen
Weitere Verfasser: Onken, U.
Format: Buch
Sprache:Englisch
Veröffentlicht: Frankfurt/Main DECHEMA 2000
Ausgabe:1. ed.
Schriftenreihe:Chemistry Data series, Vol. I, Part 7a (in conjunction with Part 7b)
Schlagworte:
Online-Zugang:Im OPAC anzeigen
Tags: Tag hinzufügen
Keine Tags, Fügen Sie das erste Tag hinzu!

MARC

LEADER 00000nam a2200000 a 4500
005 20260127134112.0
008 050405 2000 gw 000 0 eng d
020 |a 3897460122 
035 |a vtls001522377 
039 9 |a 200504051223  |b mschk03  |y 200504051218  |z mschk03 
040 |a STUSCHK1  |b slo  |c STUSCHK1  |e AACR2 
080 |a 541.121/.123 
100 1 |a Gmehling, Jürgen 
245 1 |a Vapor-Liquid Equilibrium Data Collection  |b Aromatic Hydrocarbons. Supplement 1 C6-C7. Vol. I, Part 7a (in conjunction with Part 7b) 
250 |a 1. ed. 
260 |a Frankfurt/Main  |b DECHEMA  |c 2000 
300 |a XXIII, 352 s. 
490 0 |a Chemistry Data series, Vol. I, Part 7a (in conjunction with Part 7b) 
650 0 |a Aromatic hydrocarbons 
700 1 |a Onken, U. 
910 |a SCHK95 
919 |a 3-89746-012-2 
999 |c 4100  |d 4100